00658nam a22002177a 450000500170000001000110001702000100002803500110003803700160004904000120006508200130007724500630009026000500015327000620020330000200026549000350028550000510032065000330037165000190040470000170042320170124105913.0 a923840 c00.00 a923840 bCen Lib/Ret aDPLbEN a012bGAN aGandhiana 1962-1976 /ccompiled and edited by Satyaprakash aNew DelhibIndian Documentation Servicec1977 a2, Ansari Road, Panna Bhawan, DayaganjbNew Delhie110002 a184p.c21cm(Hb) aSubject bibliography seriesv2 aIncludes bibliographical references and Index aIndian HistoryvBibliography aIndian History aSatyaprakash